Datum a čas kvízu
32
Celkem bodů
Celkový počet nahraných bodů na tomto kvízu bez doplňovacích otázek.
4.
Pořadí na kvízu
Konečné umístění týmu na tomto kvízu.
Zaznamenané odpovědi
| # | Otázka | Odpověď | Body | Výsledky |
|---|---|---|---|---|
| 1. | Jedna státní instituce prostře... | Státní ústav pro kontrolu léčiv | 0 | |
| 2. | Strana hájící zájmy původních... | Nový Zéland | 1 | |
| 3. | Ačkoli je tento formát celosvě... | Polda | 0 | |
| 4. | Známý pražský restaurační pivo... | Začal čepovat světlé pivo. | 1 | |
| 5. | Uruguayský fotbalista Luis Suá... | italštinu | 0 | |
| 6. | Podle zdroje vody se rybníky d... | říční rybník | 0 | |
| 7. | Na obrázku vidíme dravou rybu,... | candát | 1 | |
| 8. | Největší český rybník mimo již... | Máchovo jezero, též (Velký) Dokeský rybník | 1 | |
| 9. | Většina rybníků disponuje jist... | česle / česlice | 1 | |
| 10. | Největším českým rybníkem je s... | Lužnice | 1 |